000 00887nam a22002297a 4500
005 20100823121311.0
010 _aENG-101350
020 _a9788184889451
_c275.00
035 _aEN-84883
037 _bDBAD/PUB
082 _a615.19
100 _aChatwal, Gurdeep R.
_916920
245 _aPharmaceutical chemistry-organic /
_cby Gurdeep R. Chatwal; edited by M. Arora
260 _aNew Delhi
_bHimalaya Publishing House
_c2010
270 _a4-B, Murari Lal Street, Ansari Road, Darya Ganj
_bNew Delhi
_e110002
300 _av.2 (399p.)
_c28cm (pbk)
650 _aChemistry Organic
_916921
650 _aPharamaceutic Chemistry
_916922
700 _aArora, M.
_916221
942 _2ddc
_cEN
_h615.19
_mCHA
999 _c42969
_d42969